[Event "Deizisau Autumn op 15th"]
[Site "Deizisau"]
[Date "2021.10.31"]
[Round "4"]
[White "Waffenschmidt, Lars"]
[Black "Bossert, Christian"]
[Result "1/2-1/2"]
[WhiteElo "1996"]
[BlackElo "2174"]
[PlyCount "100"]
[EventDate "2021.10.29"]
[EventType "swiss"]
[EventRounds "7"]
[EventCountry "GER"]
[SourceTitle "EXT 2023"]
[Source "ChessBase"]
[SourceDate "2022.10.05"]
[SourceVersion "1"]
[SourceVersionDate "2022.10.05"]
[SourceQuality "1"]

1. e4 c5 2. Nf3 d6 3. d4 cxd4 4. Nxd4 Nf6 5. Nc3 a6 6. f3 Nc6 7. Be3 h5 8. Qd2 g6 9. 0-0-0 Bd7 10. h4 Bg7 11. Kb1 Ne5 12. Be2 Rc8 13. Ka1 b5 14. Nd5 Nxd5 15. exd5 Nc4 16. Bxc4 Rxc4 17. c3 a5 18. Rde1 Bf6 19. Bg5 Bxg5 20. Qxg5 b4 21. Qf6 0-0 22. Rxe7 bxc3 23. bxc3 Rxd4 24. cxd4 Qc7 25. Re3 Rb8 26. Rb3 Rxb3 27. axb3 Bf5 28. Kb2 Qc2+ 29. Ka3 a4 30. Qd8+ Kg7 31. Qb6 axb3 32. Qxb3 Qxg2 33. Qd1 Bc2 34. Qf1 Qd2 35. Qe1 Qxd4 36. Qa1 Qxa1+ 37. Rxa1 Kf6 38. Kb2 Bf5 39. Kc3 g5 40. hxg5+ Kxg5 41. Ra6 h4 42. Rxd6 h3 43. Rd8 Kf4 44. Kd4 Kxf3 45. Ke5 Bg4 46. Rh8 f5 47. d6 f4 48. Rf8 h2 49. Rh8 Kg3 50. Rxh2 Kxh2 1/2-1/2

[Event "Deizisau Autumn op 15th"]
[Site "Deizisau"]
[Date "2021.10.29"]
[Round "1"]
[White "Schuelke, Tilman"]
[Black "Bossert, Christian"]
[Result "0-1"]
[WhiteElo "1871"]
[BlackElo "2174"]
[PlyCount "66"]
[EventDate "2021.10.29"]
[EventType "swiss"]
[EventRounds "7"]
[EventCountry "GER"]
[SourceTitle "CBM 204 Extra"]
[Source "ChessBase"]
[SourceDate "2021.11.30"]
[SourceVersion "1"]
[SourceVersionDate "2021.11.30"]
[SourceQuality "1"]

1. g3 f5 2. d4 Nf6 3. c4 g6 4. Nc3 Bg7 5. Nf3 0-0 6. Rb1 d6 7. b3 c6 8. Bg2 Qe8 9. d5 h6 10. Nd4 c5 11. Ndb5 Qd8 12. Bd2 a6 13. Na3 Qe8 14. Rc1 Nbd7 15. f4 Rb8 16. 0-0 Ng4 17. e3 Kh7 18. h3 Ngf6 19. Kh2 e5 20. dxe6 Qxe6 21. Qc2 Re8 22. Rfe1 Ne4 23. Nxe4 fxe4 24. Bc3 Bxc3 25. Qxc3 b5 26. Qc2 Rb6 27. Rcd1 Bb7 28. Rd2 Nf6 29. Qd1 d5 30. cxb5 axb5 31. b4 cxb4 32. Nc2 Qd6 33. Nd4 Ra8 0-1

[Event "Verbandsliga Suedbaden 1920"]
[Site "Baden"]
[Date "2019.11.10"]
[Round "2.5"]
[White "Krenz, Sarah"]
[Black "Bossert, Christian"]
[Result "1-0"]
[WhiteElo "2033"]
[BlackElo "2174"]
[PlyCount "109"]
[EventDate "2019.09.29"]
[EventType "team-tourn"]
[EventRounds "9"]
[EventCountry "GER"]
[SourceTitle "EXT 2021"]
[Source "ChessBase"]
[SourceDate "2020.10.23"]
[SourceVersion "1"]
[SourceVersionDate "2020.10.23"]
[SourceQuality "1"]
[WhiteTeam "Gottmadingen"]
[BlackTeam "Baden-Baden IV"]
[WhiteTeamCountry "GER"]
[BlackTeamCountry "GER"]

1. Nf3 d6 2. c4 f5 3. d4 Nf6 4. g3 g6 5. Bg2 Bg7 6. 0-0 0-0 7. Nc3 Qe8 8. d5 a5 9. Nd4 Na6 10. e3 Bd7 11. Rb1 Nc5 12. b3 h6 13. Bb2 g5 14. Ncb5 Rc8 15. a3 f4 16. exf4 gxf4 17. Qe2 c6 18. Nc3 Ng4 19. Ne4 Nxe4 20. Qxe4 Be5 21. Nf3 Bf5 22. Qe1 Bxb1 23. Nxe5 Nxe5 24. Bxe5 Qg6 25. Bc3 Bd3 26. Qxe7 Rce8 27. Qxb7 Bxf1 28. Bxf1 fxg3 29. hxg3 c5 30. Bd3 Qf7 31. Qxf7+ Kxf7 32. Bxa5 Ra8 33. Bd2 Rxa3 34. Bxh6 Rh8 35. Bf4 Rxb3 36. Bf5 Rb6 37. Bg4 Kf6 38. Kg2 Ra8 39. Be2 Ra2 40. Bf1 Rbb2 41. Be3 Ke5 42. Kf3 Rb3 43. g4 Rc2 44. g5 Rbc3 45. Kg4 Rxc4+ 46. Bxc4 Rxc4+ 47. f4+ Ke4 48. g6 Rc2 49. Kg3 Ra2 50. g7 Ra8 51. Bc1 Rg8 52. Bb2 Kxd5 53. f5 c4 54. Kf4 Re8 55. Kg5 1-0

[Event "Oberliga Baden 1415"]
[Site "Baden"]
[Date "2015.02.22"]
[Round "7.6"]
[White "Dekan, Hans"]
[Black "Bossert, Christian"]
[Result "1-0"]
[WhiteElo "2189"]
[BlackElo "2182"]
[PlyCount "61"]
[EventDate "2014.09.21"]
[EventType "team-tourn"]
[EventRounds "9"]
[EventCountry "GER"]
[SourceTitle "EXT 2016"]
[Source "ChessBase"]
[SourceDate "2015.10.08"]
[SourceVersion "1"]
[SourceVersionDate "2015.10.08"]
[SourceQuality "1"]
[WhiteTeam "Eppingen II"]
[BlackTeam "Baden-Baden III"]
[WhiteTeamCountry "GER"]
[BlackTeamCountry "GER"]

1. e4 c5 2. Nf3 d6 3. d4 cxd4 4. Qxd4 Nc6 5. Bb5 Bd7 6. Bxc6 bxc6 7. 0-0 Qb6 8. Qd3 g6 9. Be3 c5 10. Nc3 Nf6 11. e5 Bf5 12. Qb5+ Nd7 13. exd6 exd6 14. Bf4 0-0-0 15. Qa4 f6 16. b4 c4 17. Be3 Qb7 18. Bxa7 Ne5 19. Nd4 Rd7 20. Nxf5 gxf5 21. f4 Rg8 22. g3 Nf3+ 23. Rxf3 Qxf3 24. Qa6+ Rb7 25. Qxc4+ Rc7 26. Qxg8 Qxc3 27. Qxf8+ Kd7 28. Rd1 Qxb4 29. Rxd6+ Qxd6 30. Qxd6+ Kxd6 31. Bb8 1-0

[Event "Oberliga Baden 1415"]
[Site "Baden"]
[Date "2015.02.01"]
[Round "6.6"]
[White "Bossert, Christian"]
[Black "Schlager, Thomas"]
[Result "1-0"]
[WhiteElo "2182"]
[BlackElo "2228"]
[PlyCount "83"]
[EventDate "2014.09.21"]
[EventType "team-tourn"]
[EventRounds "9"]
[EventCountry "GER"]
[SourceTitle "EXT 2016"]
[Source "ChessBase"]
[SourceDate "2015.10.08"]
[SourceVersion "1"]
[SourceVersionDate "2015.10.08"]
[SourceQuality "1"]
[WhiteTeam "Baden-Baden III"]
[BlackTeam "Karlsruhe"]
[WhiteTeamCountry "GER"]
[BlackTeamCountry "GER"]

1. d4 d5 2. Bf4 Nf6 3. e3 c5 4. c3 Nc6 5. Nd2 Bf5 6. Qb3 Qc8 7. h3 e6 8. Ngf3 h6 9. Be2 c4 10. Qd1 Be7 11. Ne5 0-0 12. g4 Bh7 13. h4 Nxe5 14. dxe5 Ne4 15. g5 hxg5 16. hxg5 Nxg5 17. Bxc4 Bg6 18. Bb3 Ne4 19. Nxe4 Bxe4 20. f3 Bg6 21. Qd2 f6 22. 0-0-0 fxe5 23. Bxe5 Bf6 24. Qg2 Bf5 25. Bxf6 Rxf6 26. Rh5 Qc5 27. Rd4 Rd8 28. Rg5 Qe7 29. e4 dxe4 30. Rxd8+ Qxd8 31. Rxg7+ Kh8 32. Rxb7 Qf8 33. Qh2+ Qh6+ 34. Qxh6+ Rxh6 35. fxe4 Bxe4 36. Rxa7 Rh1+ 37. Bd1 Bf3 38. Rd7 e5 39. Kc2 e4 40. Bxf3 exf3 41. Rf7 Rh2+ 42. Kb3 1-0

[Event "Oberliga Baden 1314"]
[Site "Germany"]
[Date "2014.03.16"]
[Round "8.6"]
[White "Bossert, Christian"]
[Black "Friedel, Marcus"]
[Result "1/2-1/2"]
[WhiteElo "2182"]
[BlackElo "2151"]
[PlyCount "73"]
[EventDate "2013.10.13"]
[EventType "team-tourn"]
[EventRounds "9"]
[EventCountry "GER"]
[SourceTitle "EXT 2015"]
[Source "ChessBase"]
[SourceDate "2014.11.20"]
[SourceVersion "1"]
[SourceVersionDate "2014.11.20"]
[SourceQuality "1"]
[WhiteTeam "Baden-Baden III"]
[BlackTeam "Ettlingen"]
[WhiteTeamCountry "GER"]
[BlackTeamCountry "GER"]

1. d4 d5 2. c4 c6 3. Nc3 Nf6 4. cxd5 cxd5 5. Nf3 Nc6 6. Bf4 a6 7. e3 Bg4 8. Bd3 e6 9. h3 Bxf3 10. Qxf3 h6 11. 0-0 Bd6 12. Rfe1 0-0 13. Rad1 Rc8 14. Bb1 Bxf4 15. Qxf4 Qb6 16. Na4 Qa5 17. b3 Nb8 18. Qf3 Nbd7 19. Qe2 b5 20. Nb2 Ne4 21. f3 Nc3 22. Qd3 Nxb1 23. Qxb1 Rc6 24. Nd3 Rfc8 25. b4 Qd8 26. Nc5 a5 27. a3 axb4 28. axb4 Ra8 29. Qb2 Rc7 30. Ra1 Rca7 31. e4 Nb6 32. Rxa7 Rxa7 33. Ra1 Nc4 34. Qc3 Qa8 35. Rxa7 Qxa7 36. exd5 exd5 37. Qe1 1/2-1/2

[Event "Oberliga Baden 1314"]
[Site "Germany"]
[Date "2014.02.09"]
[Round "6.5"]
[White "Schmidt, Jessica"]
[Black "Bossert, Christian"]
[Result "1/2-1/2"]
[WhiteElo "2283"]
[BlackElo "2180"]
[PlyCount "36"]
[EventDate "2013.10.13"]
[EventType "team-tourn"]
[EventRounds "9"]
[EventCountry "GER"]
[SourceTitle "EXT 2015"]
[Source "ChessBase"]
[SourceDate "2014.11.20"]
[SourceVersion "1"]
[SourceVersionDate "2014.11.20"]
[SourceQuality "1"]
[WhiteTeam "Karlsruhe"]
[BlackTeam "Baden-Baden III"]
[WhiteTeamCountry "GER"]
[BlackTeamCountry "GER"]

1. d4 f5 2. Nf3 Nf6 3. c4 g6 4. Nc3 Bg7 5. g3 0-0 6. Bg2 d6 7. 0-0 Na6 8. Rb1 c5 9. d5 Nc7 10. a3 a5 11. b3 Qe8 12. a4 h6 13. Bb2 g5 14. Nd2 f4 15. Nce4 Bf5 16. Bxf6 Bxf6 17. Nxf6+ exf6 18. Rc1 fxg3 1/2-1/2

[Event "Oberliga Baden 1314"]
[Site "Germany"]
[Date "2013.11.10"]
[Round "2.8"]
[White "Bossert, Christian"]
[Black "Gschnitzer, Adrian"]
[Result "0-1"]
[WhiteElo "2197"]
[BlackElo "1945"]
[PlyCount "60"]
[EventDate "2013.10.13"]
[EventType "team-tourn"]
[EventRounds "9"]
[EventCountry "GER"]
[SourceTitle "EXT 2015"]
[Source "ChessBase"]
[SourceDate "2014.11.20"]
[SourceVersion "1"]
[SourceVersionDate "2014.11.20"]
[SourceQuality "1"]
[WhiteTeam "Baden-Baden III"]
[BlackTeam "Kirchheim"]
[WhiteTeamCountry "GER"]
[BlackTeamCountry "GER"]

1. d4 d5 2. Nf3 Nf6 3. Bf4 c5 4. e3 Nc6 5. Nc3 Bf5 6. Be2 e6 7. 0-0 Be7 8. dxc5 Bxc5 9. Nb5 0-0 10. c3 a6 11. Nbd4 Bg6 12. Nxc6 bxc6 13. Ne5 Qb6 14. Bg5 Qc7 15. Bf4 Bd6 16. Nxg6 fxg6 17. Bxd6 Qxd6 18. c4 e5 19. cxd5 cxd5 20. Rc1 Rad8 21. Qa4 Qb6 22. b3 a5 23. Qc6 Qxc6 24. Rxc6 d4 25. Rc5 d3 26. Bd1 Rd5 27. Rxd5 Nxd5 28. Bg4 Nc3 29. Ra1 d2 30. Bd1 Rc8 0-1

[Event "Rheinland Pfalz op 5th"]
[Site "Worms"]
[Date "2013.05.30"]
[Round "1"]
[White "Bossert, Christian"]
[Black "Nagel, Ralf"]
[Result "1-0"]
[WhiteElo "2208"]
[BlackElo "1757"]
[PlyCount "115"]
[EventDate "2013.05.30"]
[EventType "swiss"]
[EventRounds "7"]
[EventCountry "GER"]
[SourceTitle "EXT 2014"]
[Source "ChessBase"]
[SourceDate "2013.11.20"]
[SourceVersion "1"]
[SourceVersionDate "2013.11.20"]
[SourceQuality "1"]

1. d4 Nf6 2. Nf3 g6 3. g3 Bg7 4. Bg2 0-0 5. 0-0 d6 6. Re1 Nbd7 7. e4 e5 8. c3 h6 9. Nbd2 c6 10. dxe5 dxe5 11. Nc4 Qc7 12. Qd6 Ne8 13. Qxc7 Nxc7 14. Bh3 Nc5 15. Bxc8 Rfxc8 16. Ncxe5 Re8 17. Bf4 g5 18. Nd7 N7e6 19. Nxc5 Nxc5 20. Be3 Nd3 21. Re2 Rxe4 22. Rd1 Nf4 23. Red2 Nd5 24. Bd4 f5 25. c4 Nf6 26. b3 b6 27. Bb2 Rae8 28. Kf1 Kf7 29. Nd4 f4 30. Nf5 Bf8 31. f3 R4e6 32. g4 h5 33. h3 Kg6 34. a3 Bc5 35. b4 Be3 36. Rd6 hxg4 37. hxg4 c5 38. Nxe3 fxe3 39. Ke2 Ng8 40. R1d3 cxb4 41. axb4 Kf7 42. Rxe6 Rxe6 43. Rxe3 Rc6 44. Kd3 Ne7 45. Re5 Rd6+ 46. Ke4 Rd2 47. Bc3 Re2+ 48. Kd3 Rxe5 49. Bxe5 Nc6 50. Bc3 a5 51. b5 Nd8 52. Bd4 Ne6 53. Bxb6 a4 54. Be3 Kf6 55. b6 Nd8 56. c5 Nc6 57. Kc4 a3 58. Kb3 1-0

[Event "Oberliga Baden 1213"]
[Site "Baden"]
[Date "2013.02.03"]
[Round "6.7"]
[White "Bossert, Christian"]
[Black "Loukanov, Tsvetomir"]
[Result "1/2-1/2"]
[WhiteElo "2202"]
[BlackElo "2201"]
[PlyCount "64"]
[EventDate "2012.10.14"]
[EventType "team-tourn"]
[EventRounds "9"]
[EventCountry "GER"]
[SourceTitle "EXT 2014"]
[Source "ChessBase"]
[SourceDate "2013.11.20"]
[SourceVersion "1"]
[SourceVersionDate "2013.11.20"]
[SourceQuality "1"]
[WhiteTeam "Baden-Baden III"]
[BlackTeam "Buchen"]
[WhiteTeamCountry "GER"]
[BlackTeamCountry "GER"]

1. d4 Nf6 2. Nf3 g6 3. g3 Bg7 4. Bg2 0-0 5. 0-0 d6 6. Re1 Bg4 7. Nbd2 Nbd7 8. h3 Bxf3 9. Bxf3 c6 10. e4 Qc7 11. c3 c5 12. Nf1 e5 13. Be3 a6 14. dxc5 Nxc5 15. Qc2 Qc6 16. Bg5 Ne6 17. Bxf6 Bxf6 18. Ne3 Bg5 19. Nd5 Nd4 20. Qd3 Nxf3+ 21. Qxf3 f5 22. h4 Bd8 23. Rad1 Kg7 24. Nb4 Qb6 25. Re2 a5 26. Nd5 Qc5 27. Kg2 fxe4 28. Qxe4 Bb6 29. Ne3 Rf7 30. h5 Raf8 31. hxg6 hxg6 32. Rh1 Qc6 1/2-1/2

[Event "Oberliga Baden 1112"]
[Site "Germany"]
[Date "2012.02.05"]
[Round "6.6"]
[White "Bossert, Christian"]
[Black "Noe, Christopher"]
[Result "1-0"]
[WhiteElo "2226"]
[BlackElo "2073"]
[PlyCount "73"]
[EventDate "2011.10.02"]
[EventType "team-tourn"]
[EventRounds "9"]
[EventCountry "GER"]
[SourceTitle "EXT 2013"]
[Source "ChessBase"]
[SourceDate "2012.11.22"]
[SourceVersion "1"]
[SourceVersionDate "2012.11.22"]
[SourceQuality "1"]
[WhiteTeam "Baden-Baden III"]
[BlackTeam "Eppingen II"]
[WhiteTeamCountry "GER"]
[BlackTeamCountry "GER"]

1. d4 Nf6 2. Nf3 g6 3. g3 Bg7 4. Bg2 0-0 5. 0-0 d6 6. Nbd2 Nc6 7. c3 e5 8. dxe5 dxe5 9. e4 Qe7 10. Re1 Rd8 11. Qc2 Be6 12. Ng5 Bd7 13. Nc4 h6 14. Nf3 b5 15. Ne3 Be6 16. Nd2 a5 17. Bf1 Rab8 18. a4 b4 19. Bb5 Na7 20. Bc4 Bxc4 21. Nexc4 Qc5 22. Qd1 Nc8 23. Qe2 Nd6 24. Nxd6 bxc3 25. Nb5 cxd2 26. Bxd2 c6 27. Rac1 Qb6 28. Be3 Qb7 29. Na7 Rd6 30. Qc4 Ng4 31. Nxc6 Nxe3 32. Rxe3 Ra8 33. Rb3 Qd7 34. Rb5 h5 35. Rd5 Rxd5 36. Qxd5 Qb7 37. Ne7+ 1-0

[Event "Verbandsliga Sued Baden 1011"]
[Site "Baden"]
[Date "2010.11.21"]
[Round "3.1"]
[White "Bossert, Christian"]
[Black "Lerch, Patrice"]
[Result "0-1"]
[WhiteElo "2220"]
[BlackElo "2362"]
[PlyCount "68"]
[EventDate "2010.10.17"]
[EventType "team-tourn"]
[EventRounds "9"]
[EventCountry "GER"]
[SourceTitle "EXT 2012"]
[Source "ChessBase"]
[SourceDate "2011.11.24"]
[SourceVersion "1"]
[SourceVersionDate "2011.11.24"]
[SourceQuality "1"]
[WhiteTeam "Baden-Baden IV"]
[BlackTeam "Lahr"]
[WhiteTeamCountry "GER"]
[BlackTeamCountry "GER"]

1. d4 Nf6 2. Nf3 b6 3. e3 Bb7 4. c4 e6 5. Nc3 Bb4 6. Bd2 0-0 7. Bd3 Bxc3 8. Bxc3 Ne4 9. Bxe4 Bxe4 10. d5 c5 11. Nd2 Bg6 12. h4 exd5 13. cxd5 h6 14. h5 Bh7 15. Rh3 d6 16. Rg3 f6 17. Qg4 Rf7 18. Ne4 Bxe4 19. Qxe4 Nd7 20. Qf4 b5 21. b3 b4 22. Bb2 Ne5 23. Bxe5 fxe5 24. Qxh6 Qh4 25. Qe6 Qh1+ 26. Ke2 Qxa1 27. Rxg7+ Kxg7 28. Qg6+ Kh8 29. Qh6+ Kg8 30. Qg6+ Rg7 31. Qe6+ Kh7 32. Qf5+ Kh8 33. Qf6 Qb2+ 34. Ke1 Qb1+ 0-1

[Event "Oberliga Baden 0910"]
[Site "Germany"]
[Date "2010.02.28"]
[Round "7.4"]
[White "Adler, Joel Arturo Manuel"]
[Black "Bossert, Christian"]
[Result "1/2-1/2"]
[WhiteElo "2287"]
[BlackElo "2220"]
[PlyCount "125"]
[EventDate "2009.10.18"]
[EventType "team-tourn"]
[EventRounds "9"]
[EventCountry "GER"]
[SourceTitle "EXT 2011"]
[Source "ChessBase"]
[SourceDate "2010.11.26"]
[SourceVersion "1"]
[SourceVersionDate "2010.11.26"]
[SourceQuality "1"]
[WhiteTeam "Kirchheim"]
[BlackTeam "Baden-Baden III"]
[WhiteTeamCountry "GER"]
[BlackTeamCountry "GER"]

1. d4 f5 2. Bg5 h6 3. Bh4 g5 4. Bg3 Nf6 5. e3 d6 6. h4 g4 7. Bd3 Nc6 8. c3 Bg7 9. Qc2 e6 10. h5 Qe7 11. Ne2 Qf7 12. Nf4 Bd7 13. Nd2 0-0-0 14. 0-0-0 Ne7 15. Nc4 Nfd5 16. Nxd5 Nxd5 17. Bxd6 b5 18. Ne5 Qe8 19. Bc5 g3 20. Nxd7 Qxd7 21. Qe2 c6 22. fxg3 Bf6 23. Kb1 Rhg8 24. c4 bxc4 25. Bxc4 Nb6 26. Bb3 Kb7 27. Qf3 Rg4 28. Rc1 Rdg8 29. Bxb6 Rxg3 30. Qxc6+ Qxc6 31. Rxc6 Kxc6 32. Bxa7 Kb7 33. Bc5 Rxe3 34. d5 Re2 35. Ba3 Rgxg2 36. dxe6 Kb6 37. Bc4 Rxb2+ 38. Bxb2 Rxb2+ 39. Kc1 Kc5 40. Bb3 Re2 41. Rf1 f4 42. Rxf4 Bg5 43. Kd1 Rh2 44. Rf5+ Kd6 45. Rd5+ Ke7 46. Rd7+ Ke8 47. Rf7 Be7 48. Rf5 Bg5 49. Rf7 Be7 50. a4 Rxh5 51. Bc4 Kd8 52. Kc2 Rc5 53. Kd3 h5 54. Rh7 h4 55. Bb5 Re5 56. Bd7 Bf6 57. Rf7 Be7 58. Rh7 Bf6 59. Rh6 Rf5 60. Kc4 Kc7 61. a5 Bg5 62. Rg6 Rxa5 63. Rg8 1/2-1/2

[Event "Oberliga Baden 0910"]
[Site "Germany"]
[Date "2009.12.13"]
[Round "4.4"]
[White "Bossert, Christian"]
[Black "Duessel, Udo"]
[Result "1/2-1/2"]
[WhiteElo "2201"]
[BlackElo "2288"]
[PlyCount "35"]
[EventDate "2009.10.18"]
[EventType "team-tourn"]
[EventRounds "9"]
[EventCountry "GER"]
[SourceTitle "EXT 2011"]
[Source "ChessBase"]
[SourceDate "2010.11.26"]
[SourceVersion "1"]
[SourceVersionDate "2010.11.26"]
[SourceQuality "1"]
[WhiteTeam "Baden-Baden III"]
[BlackTeam "Waldshut"]
[WhiteTeamCountry "GER"]
[BlackTeamCountry "GER"]

1. d4 d5 2. c4 e6 3. Nc3 Nf6 4. Bg5 Be7 5. e3 0-0 6. Nf3 h6 7. Bxf6 Bxf6 8. Qc2 dxc4 9. Bxc4 c5 10. dxc5 Qa5 11. 0-0 Bxc3 12. Qxc3 Qxc3 13. bxc3 Nd7 14. c6 bxc6 15. Rfd1 Rb8 16. Rd6 Nb6 17. Be2 Bb7 18. Ne5 1/2-1/2

[Event "Deizisau op 4th"]
[Site "Deizisau"]
[Date "2009.11.01"]
[Round "7"]
[White "Gschnitzer, Oswald"]
[Black "Bossert, Christian"]
[Result "1-0"]
[WhiteElo "2430"]
[BlackElo "2225"]
[PlyCount "61"]
[EventDate "2009.10.29"]
[EventType "swiss"]
[EventRounds "7"]
[EventCountry "GER"]
[SourceTitle "EXT 2010"]
[Source "ChessBase"]
[SourceDate "2010.11.25"]
[SourceVersion "1"]
[SourceVersionDate "2010.11.25"]
[SourceQuality "1"]

1. Nf3 f5 2. b3 Nf6 3. Bb2 e6 4. d4 d5 5. e3 Bd6 6. Bd3 0-0 7. c4 c6 8. 0-0 Bd7 9. Ba3 Bxa3 10. Nxa3 Be8 11. Ne5 Nfd7 12. f4 Nxe5 13. fxe5 Qe7 14. Nc2 dxc4 15. Bxc4 Nd7 16. b4 a5 17. bxa5 Rxa5 18. Qd2 Ra7 19. Qb4 c5 20. Qb3 Bf7 21. a4 cxd4 22. exd4 Rc8 23. Na3 Raa8 24. Kh1 Rc6 25. Qxb7 Rac8 26. a5 R6c7 27. Qb3 Rb8 28. Nb5 Nf8 29. a6 Be8 30. a7 Rxb5 31. Bxb5 1-0

[Event "Oberliga Baden 0910"]
[Site "Germany"]
[Date "2009.10.18"]
[Round "1.5"]
[White "Scherer, Helmut"]
[Black "Bossert, Christian"]
[Result "1/2-1/2"]
[WhiteElo "2306"]
[BlackElo "2201"]
[PlyCount "70"]
[EventDate "2009.10.18"]
[EventType "team-tourn"]
[EventRounds "9"]
[EventCountry "GER"]
[SourceTitle "EXT 2011"]
[Source "ChessBase"]
[SourceDate "2010.11.26"]
[SourceVersion "1"]
[SourceVersionDate "2010.11.26"]
[SourceQuality "1"]
[WhiteTeam "Zaehringen"]
[BlackTeam "Baden-Baden III"]
[WhiteTeamCountry "GER"]
[BlackTeamCountry "GER"]

1. e4 c5 2. Nf3 d6 3. Bb5+ Nd7 4. d4 a6 5. Bxd7+ Bxd7 6. 0-0 Bg4 7. dxc5 dxc5 8. Qe2 e6 9. Rd1 Qc7 10. a4 Nf6 11. Nbd2 Rd8 12. Re1 Be7 13. b3 0-0 14. Bb2 Nd7 15. a5 Rfe8 16. Nc4 f6 17. Qe3 Nb8 18. Ba3 Nd7 19. Nfd2 Bf8 20. Nf1 Bh5 21. f3 Ne5 22. Nxe5 Qxe5 23. Nd2 Qd4 24. Nc4 Bf7 25. e5 Qxe3+ 26. Rxe3 Bg6 27. Rc3 Rd5 28. Re1 Be7 29. Kf2 fxe5 30. Nxe5 Bf6 31. f4 Rc8 32. Rc4 Bxe5 33. Rxe5 Rxe5 34. fxe5 Rd8 35. Ke3 Rd5 1/2-1/2

[Event "Oberliga Baden 0809"]
[Site "Germany"]
[Date "2009.03.29"]
[Round "9.4"]
[White "Bossert, Christian"]
[Black "Schloetzer, Waldemar"]
[Result "1-0"]
[WhiteElo "2196"]
[BlackElo "2245"]
[PlyCount "61"]
[EventDate "2008.10.05"]
[EventType "team-tourn"]
[EventRounds "9"]
[EventCountry "GER"]
[SourceTitle "EXT 2010"]
[Source "ChessBase"]
[SourceDate "2010.11.25"]
[SourceVersion "1"]
[SourceVersionDate "2010.11.25"]
[SourceQuality "1"]
[WhiteTeam "Baden-Baden III"]
[BlackTeam "Buchen"]
[WhiteTeamCountry "GER"]
[BlackTeamCountry "GER"]

1. d4 d6 2. e4 Nf6 3. Nc3 e5 4. Nf3 Nbd7 5. g4 Nxg4 6. Rg1 Ngf6 7. Bc4 h6 8. Be3 c6 9. dxe5 dxe5 10. Qd3 b5 11. Bb3 Qc7 12. a4 b4 13. Bxf7+ Kxf7 14. Qc4+ Ke8 15. Nb5 Qb7 16. Qe6+ Kd8 17. 0-0-0 cxb5 18. Nxe5 Qxe4 19. Rd4 Qxd4 20. Nc6+ Kc7 21. Nxd4 Bb7 22. Bf4+ Kd8 23. axb5 Nc5 24. Qf7 Rc8 25. Rd1 Bd5 26. Nc6+ Rxc6 27. bxc6 Be7 28. Rxd5+ Nxd5 29. Qxd5+ Kc8 30. Qe5 Rh7 31. Qc7# 1-0

[Event "BL2-Sued 0809"]
[Site "Germany"]
[Date "2009.03.15"]
[Round "8.8"]
[White "Pfleger, Michael"]
[Black "Bossert, Christian"]
[Result "0-1"]
[WhiteElo "2270"]
[BlackElo "2195"]
[PlyCount "92"]
[EventDate "2008.10.05"]
[EventType "team-tourn"]
[EventRounds "9"]
[EventCountry "GER"]
[SourceTitle "CBM 129 Extra"]
[Source "ChessBase"]
[SourceDate "2009.05.05"]
[SourceVersion "2"]
[SourceVersionDate "2009.05.20"]
[SourceQuality "1"]
[WhiteTeam "Bad Mergentheim"]
[BlackTeam "Baden-Baden II"]
[WhiteTeamCountry "GER"]
[BlackTeamCountry "GER"]

1. e4 c5 2. Bc4 d6 3. a4 Nc6 4. d3 g6 5. Bd2 Bg7 6. Bc3 e5 7. Ne2 Nge7 8. 0-0 Be6 9. Bxe6 fxe6 10. Nf4 Qd7 11. Qg4 exf4 12. Bxg7 Rg8 13. Bc3 e5 14. Qxd7+ Kxd7 15. f3 g5 16. Na3 h5 17. Be1 g4 18. c3 Rg7 19. Kh1 Rag8 20. Rd1 Ke6 21. Nc2 d5 22. exd5+ Nxd5 23. Bf2 b6 24. d4 gxf3 25. gxf3 exd4 26. cxd4 c4 27. Rde1+ Kd7 28. Na3 c3 29. bxc3 Nxc3 30. Rc1 Nd5 31. Nb5 Ncb4 32. Nc3 Nxc3 33. Rxc3 Nd5 34. Rc2 Kd6 35. Re1 Re7 36. Rxe7 Nxe7 37. Re2 Nc6 38. Re4 Rf8 39. Kg2 Kd5 40. Kh3 a6 41. Kh4 Rf5 42. h3 b5 43. axb5 axb5 44. Re1 b4 45. Rc1 Ne7 46. Rc5+ Kd6 0-1

[Event "Oberliga Baden 0708"]
[Site "Germany"]
[Date "2007.11.04"]
[Round "2.4"]
[White "Vidonyak, Roman"]
[Black "Bossert, Christian"]
[Result "1-0"]
[WhiteElo "2400"]
[BlackElo "2233"]
[PlyCount "81"]
[EventDate "2007.10.21"]
[EventType "team-tourn"]
[EventRounds "9"]
[EventCountry "GER"]
[SourceTitle "EXT 2009"]
[Source "ChessBase"]
[SourceDate "2008.11.26"]
[SourceVersion "1"]
[SourceVersionDate "2008.11.26"]
[SourceQuality "1"]
[WhiteTeam "Hockenheim"]
[BlackTeam "Baden Oos II"]
[WhiteTeamCountry "GER"]
[BlackTeamCountry "GER"]

1. Nf3 d6 2. d4 f5 3. Nc3 Nf6 4. Bg5 Nbd7 5. Qd3 g6 6. e4 fxe4 7. Nxe4 Bg7 8. 0-0-0 Nxe4 9. Qxe4 Nf6 10. Bxf6 Bxf6 11. h4 d5 12. Qe3 Bg4 13. Rd2 Bxf3 14. Qxf3 Qd6 15. Qe3 0-0-0 16. f4 h6 17. g3 Rhg8 18. Bh3+ Kb8 19. Be6 Rg7 20. g4 g5 21. fxg5 hxg5 22. h5 Rh7 23. Rf1 Qb6 24. Rf5 c5 25. Rxd5 Rxd5 26. Bxd5 cxd4 27. Qe4 Rh8 28. Rd3 Qc7 29. Bxb7 Qf4+ 30. Qxf4+ gxf4 31. Rb3 Kc7 32. Bf3 Rb8 33. Rxb8 Kxb8 34. Kd2 Kc7 35. Kd3 Kd6 36. Ke4 Be5 37. g5 Ke6 38. Bg4+ Kd6 39. h6 d3 40. cxd3 Bxb2 41. g6 1-0

[Event "Neuhausen op"]
[Site "Neuhausen"]
[Date "2007.06.08"]
[Round "?"]
[White "Bossert, Christian"]
[Black "Teske, Henrik"]
[Result "0-1"]
[WhiteElo "2188"]
[BlackElo "2528"]
[PlyCount "52"]
[EventDate "2007.06.06"]
[EventType "swiss"]
[EventRounds "9"]
[EventCountry "GER"]
[SourceTitle "CBM 119 Extra"]
[Source "ChessBase"]
[SourceDate "2007.09.04"]
[SourceVersion "1"]
[SourceVersionDate "2007.09.04"]
[SourceQuality "1"]

1. d4 d5 2. Nf3 Nf6 3. c4 dxc4 4. Nc3 a6 5. a4 Nc6 6. e3 Na5 7. Ne5 Be6 8. g4 Nd7 9. Nxd7 Qxd7 10. Rg1 c6 11. Bd2 g6 12. Ra3 Bg7 13. Ne4 Nb3 14. a5 Bd5 15. Qc2 Bxe4 16. Qxe4 Nxd2 17. Kxd2 0-0-0 18. Bxc4 e5 19. Bxa6 exd4 20. Bd3 Rhe8 21. Qf4 Be5 22. Qf3 dxe3+ 23. fxe3 Bd6 24. Rb3 Bc5 25. a6 Rxe3 26. axb7+ Qxb7 0-1